[Event "Bergen Spillfestival Hovedturnering 2023"]
[Site "Bergen Internasjonale Kulturse"]
[Date "2023.07.31"]
[Round "1"]
[White "Urkedal, Frode Olav Olsen"]
[Black "Bjarnason, Snorri Vikanes"]
[Result "1-0"]
[WhiteElo "2529"]
[BlackElo "1657"]
[PlyCount "53"]
[EventDate "2023.??.??"]

{[%evp 0,53,19,31,19,0,14,15,23,36,29,28,79,95,87,5,79,12,29,33,30,48,39,-53,
85,82,82,98,145,115,122,88,189,198,400,468,400,280,400,371,500,658,659,673,666,
675,675,683,724,1638,29991,29992,29993,29994,29999,-30000]} 1. d4 d5 2. c4 dxc4
3. e4 Nf6 4. e5 Nd5 5. Bxc4 Bf5 6. Qb3 c6 7. Ne2 e6 8. O-O Nb6 9. Bd3 Bxd3 10.
Qxd3 c5 11. Qg3 Nc6 12. dxc5 Nd7 13. Nbc3 Ndxe5 14. Rd1 Qa5 15. Ne4 Rd8 16. Bf4
Bxc5 17. Rxd8+ Kxd8 18. Bxe5 Nxe5 19. Rd1+ Ke8 20. Qxg7 Rf8 21. Nf6+ Ke7 22.
Nd5+ Kd7 23. Qxe5 exd5 24. Rxd5+ Kc6 25. Nd4+ Kb6 26. Rd6+ Bxd6 27. Qxd6# 1-0

[Event "Bergen Spillfestival Hovedturnering 2023"]
[Site "Bergen Internasjonale Kulturse"]
[Date "2023.07.31"]
[Round "1"]
[White "Seymour, Max Bakke"]
[Black "Martinsen, Stig K"]
[Result "0-1"]
[WhiteElo "1611"]
[BlackElo "2172"]
[PlyCount "64"]
[EventDate "2023.??.??"]

{[%evp 0,64,19,0,17,17,17,33,34,37,37,-7,16,-6,-2,-2,9,-17,-13,-8,-14,-15,-20,
-20,-20,-21,-25,-26,-37,-35,-34,-57,-53,-86,-40,-104,-120,-132,-131,-89,-52,
-168,-175,-179,-187,-233,-89,-104,-102,-132,-130,-136,-185,-193,-125,-125,-128,
-143,-137,-135,-138,-149,-143,-203,-205,-196,-205]} 1. c4 b6 2. Nf3 Bb7 3. Nc3
e6 4. d4 Bb4 5. Qc2 f5 6. Bg5 Nf6 7. e3 O-O 8. Be2 d6 9. O-O Bxc3 10. Bxf6 Qxf6
11. Qxc3 Nd7 12. Rac1 a5 13. Rfd1 f4 14. exf4 Qxf4 15. d5 Nc5 16. Rd4 Qf6 17.
dxe6 Nxe6 18. Rd2 Qh6 19. Nd4 Nf4 20. Bf3 Bxf3 21. Nxf3 Rae8 22. Kf1 Qg6 23. g3
Qh5 24. gxf4 Qh3+ 25. Kg1 Rxf4 26. Ne5 Qxc3 27. Rxc3 Rxe5 28. a4 Rg4+ 29. Kf1
Rge4 30. f3 Re3 31. Rxe3 Rxe3 32. Kf2 Rb3 0-1

[Event "Bergen Spillfestival Hovedturnering 2023"]
[Site "Bergen Internasjonale Kulturse"]
[Date "2023.07.31"]
[Round "1"]
[White "Mansoor, Afras"]
[Black "Sivertsen, Jarle"]
[Result "1-0"]
[WhiteElo "2159"]
[BlackElo "1589"]
[PlyCount "45"]
[EventDate "2023.??.??"]

{[%evp 0,45,19,19,12,0,-3,-10,-3,6,41,-2,6,13,2,15,14,9,6,4,10,13,14,-9,26,9,8,
8,13,6,5,0,-4,21,33,36,41,57,88,94,87,48,48,43,51,36,29989,29990]} 1. d4 d5 2.
c4 e6 3. Nf3 Nf6 4. Nc3 Bb4 5. cxd5 exd5 6. Bg5 O-O 7. e3 h6 8. Bxf6 Qxf6 9.
Qb3 Bxc3+ 10. Qxc3 c6 11. Be2 Bg4 12. h3 Bxf3 13. Bxf3 Nd7 14. O-O Qd6 15. b4
a6 16. a4 Rac8 17. Rfc1 f5 18. Qd3 b5 19. axb5 axb5 20. Ra6 Nb8 21. Ra7 Qxb4
22. g4 fxg4 23. Qg6 1-0

[Event "Bergen Spillfestival Hovedturnering 2023"]
[Site "Bergen Internasjonale Kulturse"]
[Date "2023.07.31"]
[Round "1"]
[White "Texe, Eirik"]
[Black "Engelsen, Teodor Tenfjord"]
[Result "1-0"]
[WhiteElo "1573"]
[BlackElo "1977"]
[PlyCount "133"]
[EventDate "2023.??.??"]

{[%evp 0,64,19,17,73,7,6,-6,-16,-37,28,58,7,1,1,-9,-18,-17,-7,-29,-27,-26,-15,
-2,18,12,-23,-67,-88,-71,-83,-78,-91,-150,-100,-86,-93,-147,-130,-164,-103,
-103,-101,-154,-154,-156,-152,-161,-121,-106,-74,-74,-82,-68,-64,-95,-105,-121,
-64,-110,-80,-89,-26,-38,38,-108,-1]} 1. Nf3 c5 2. g3 Nc6 3. d4 cxd4 4. Nxd4 g6
5. Bg2 Bg7 6. Nb3 Nf6 7. O-O O-O 8. Nc3 d6 9. h3 Be6 10. Be3 a5 11. Nd4 Nxd4
12. Bxd4 Qd7 13. Qd2 Bxh3 14. Bxf6 Bxf6 15. Nd5 Bxg2 16. Kxg2 Bg7 17. f3 Rad8
18. Rh1 e6 19. Nf4 d5 20. Nd3 e5 21. Rh4 e4 22. Nf2 f5 23. Rd1 Qe7 24. Qxa5 Bf6
25. Rhh1 d4 26. Qb5 Kg7 27. Rhe1 h5 28. Nh3 Qf7 29. a4 Rd5 30. Qb3 g5 31. Nf2
b5 32. Rf1 Qb7 33. Nh3 Qc6 34. Ra1 bxa4 35. Rxa4 Rb5 36. Ra7+ Kg6 37. Qa3 exf3+
38. exf3 Qxc2+ 39. Rf2 Qc5 40. Qa4 d3 41. Rd2 Rxb2 42. Rxb2 Bxb2 43. Qd7 d2 44.
Qh7+ Kf6 45. Qh6+ Ke5 46. f4+ Kd4 47. Rd7+ Kc3 48. Nf2 Kc2 49. Qa6 Qc3 50. Rd3
Qb4 51. Qc6+ Bc3 52. Qf3 Re8 53. Qd1+ Kb2 54. Rxd2+ Ka3 55. Qc1+ Bb2 56. Rd3+
Ka2 57. Qc2 g4 58. Rd7 Ra8 59. Qxf5 Ra3 60. Qe6+ Rb3 61. Rd3 Bc3 62. Nd1 Kb1
63. Nxc3+ Rxc3 64. Qe1+ Ka2 65. Qxc3 Qb7+ 66. Kh2 h4 67. Rd2+ 1-0

[Event "Bergen Spillfestival Hovedturnering 2023"]
[Site "Bergen Internasjonale Kulturse"]
[Date "2023.07.31"]
[Round "1"]
[White "Gåsland, Lukas Dominik"]
[Black "Mongstad, Dag"]
[Result "1-0"]
[WhiteElo "1873"]
[BlackElo "1516"]
[PlyCount "61"]
[EventDate "2023.??.??"]

{[%evp 0,42,37,12,32,-3,6,6,6,13,27,17,26,4,14,22,23,26,15,24,24,12,5,-1,9,23,
44,26,235,247,315,221,220,232,237,240,232,246,530,522,533,538,561,532,559]} 1.
d4 Nf6 2. c4 e6 3. Nf3 d5 4. Nc3 Be7 5. Bg5 h6 6. Bh4 O-O 7. e3 b6 8. Bd3 dxc4
9. Bxc4 Bb7 10. O-O Nbd7 11. Qe2 c5 12. Rfd1 cxd4 13. Nxd4 Ne4 14. Nxe6 Nxc3
15. bxc3 fxe6 16. Bxe6+ Kh8 17. Rxd7 Bxh4 18. Rxd8 Bxf2+ 19. Qxf2 Raxd8 20. Qe2
Rd6 21. Bg4 Rfd8 22. Bf3 Rd2 23. Qe1 Bxf3 24. gxf3 R8d6 25. Kh1 Rb2 26. Rd1 Rg6
27. Rd2 Rb5 28. e4 Rbg5 29. e5 Rf5 30. e6 Rgf6 31. e7 1-0

[Event "Bergen Spillfestival Hovedturnering 2023"]
[Site "Bergen Internasjonale Kulturse"]
[Date "2023.07.31"]
[Round "1"]
[White "Krbacevic, Mateja"]
[Black "Haugen, Lars Tormod"]
[Result "0-1"]
[WhiteElo "1476"]
[BlackElo "1792"]
[PlyCount "120"]
[EventDate "2023.??.??"]

{[%evp 0,41,19,11,51,48,95,78,59,66,64,57,54,54,61,41,41,27,53,47,40,39,49,30,
26,25,12,-5,8,7,4,0,9,17,34,10,6,-17,-19,-47,-47,-103,-113,-129]} 1. e4 c5 2.
Nf3 g6 3. d4 cxd4 4. Nxd4 Bg7 5. Nc3 Nc6 6. Be3 Nf6 7. Bc4 O-O 8. Bb3 Re8 9.
O-O d6 10. f3 Bd7 11. Qd2 Na5 12. Rfd1 a6 13. a3 Nxb3 14. Nxb3 Qc7 15. Qf2 b5
16. Bb6 Qc8 17. Rd3 Be6 18. Na5 Nd7 19. Rad1 Bc4 20. Nxc4 bxc4 21. Rd5 Nxb6 22.
Qxb6 Rb8 23. Qf2 Rxb2 24. Na4 Ra2 25. Ra5 Qc6 26. Rb1 Rxa3 27. Rg5 Qxa4 28. f4
Ra1 29. Qf1 Bd4+ 30. Kh1 e5 31. f5 Rxb1 32. Qxb1 Qa1 33. Qxa1 Bxa1 34. h4 Kg7
35. Rg3 Bd4 36. fxg6 hxg6 37. Ra3 Ra8 38. g3 a5 39. c3 Bf2 40. Kg2 Be1 41. Kf3
a4 42. Kg2 Bd2 43. g4 Bc1 44. Ra2 a3 45. Kf3 Bb2 46. h5 Bxc3 47. Ke3 Bb2 48.
Kd2 gxh5 49. gxh5 Kh6 50. Kc2 Kxh5 51. Kb1 Kg4 52. Kc2 Kf4 53. Kb1 Kxe4 54. Kc2
Rh8 55. Kb1 Rh2 56. Rxb2 Rxb2+ 57. Ka1 Rh2 58. Kb1 Kd3 59. Ka1 Kc3 60. Kb1 Kb3
0-1

[Event "Bergen Spillfestival Hovedturnering 2023"]
[Site "Bergen Internasjonale Kulturse"]
[Date "2023.07.31"]
[Round "1"]
[White "Rynning, Rune Kleiven"]
[Black "Gjersvik, Aksel Elias"]
[Result "1/2-1/2"]
[WhiteElo "1718"]
[BlackElo "1395"]
[PlyCount "89"]
[EventDate "2023.??.??"]

{[%evp 0,53,19,18,22,22,22,11,18,7,12,2,17,18,43,35,47,11,33,40,62,17,39,49,33,
-57,-58,-171,-151,-148,-159,-196,-191,-143,-143,-150,-145,-159,-148,-152,-111,
-108,-95,-93,-102,-95,-70,-74,-70,-53,-51,-58,-63,-65,-64,-68]} 1. e4 e5 2. Nf3
Nc6 3. Bc4 Bc5 4. c3 Nf6 5. d3 d6 6. O-O Bg4 7. Nbd2 O-O 8. Re1 h6 9. h3 Bh5
10. Nf1 Re8 11. Ng3 Bg6 12. Nh4 Nxe4 13. Nxg6 Bxf2+ 14. Kf1 Bxg3 15. Rxe4 d5
16. Bxd5 Qxd5 17. Rg4 fxg6 18. Rxg3 Kh7 19. Qg4 Qe6 20. Bd2 Qxg4 21. Rxg4 Rad8
22. Ke2 g5 23. Rf1 Rf8 24. Rxf8 Rxf8 25. a4 Kg6 26. b4 Ne7 27. h4 Nd5 28. hxg5
Kf5 29. Re4 hxg5 30. Kf3 Nf4 31. g4+ Kf6 32. d4 exd4 33. Rxd4 Ne6 34. Rd5 g6
35. c4 Rd8 36. Bc3+ Ke7 37. Rxd8 Nxd8 38. Ke4 Ke6 39. b5 Nf7 40. Bd4 b6 41. c5
Nh6 42. cxb6 axb6 43. Kf3 Kd5 44. Bf2 Nf7 45. Be1 1/2-1/2

[Event "Bergen Spillfestival Hovedturnering 2023"]
[Site "Bergen Internasjonale Kulturse"]
[Date "2023.08.01"]
[Round "2"]
[White "Haugen, Lars Tormod"]
[Black "Urkedal, Frode Olav Olsen"]
[Result "0-1"]
[WhiteElo "1792"]
[BlackElo "2529"]
[PlyCount "50"]
[EventDate "2023.??.??"]

{[%evp 0,50,27,-20,-23,-28,-16,-47,-33,-79,-15,-33,-19,-19,-11,-18,10,2,-6,-5,
26,11,8,10,70,99,84,110,87,92,100,111,103,24,28,-11,-65,-29,-60,-133,-114,-186,
-186,-186,-186,-588,-658,-29995,-29996,-29997,-29998,-29999,-30000]} 1. c4 e5
2. Nc3 Nf6 3. g3 Bb4 4. e4 Bxc3 5. dxc3 d6 6. f3 a5 7. Nh3 a4 8. Nf2 Be6 9. Bd3
Qd7 10. Qe2 Qc6 11. f4 exf4 12. gxf4 O-O 13. Be3 a3 14. b3 b5 15. c5 Bd7 16.
O-O-O dxc5 17. e5 c4 18. bxc4 bxc4 19. Bxc4 Ra4 20. Bb3 Qxc3+ 21. Kb1 Bf5+ 22.
Nd3 Rd8 23. Bxa4 Rxd3 24. Qc2 Qb2+ 25. Qxb2 Rxd1# 0-1

[Event "Bergen Spillfestival Hovedturnering 2023"]
[Site "Bergen Internasjonale Kulturse"]
[Date "2023.08.01"]
[Round "2"]
[White "Martinsen, Stig K"]
[Black "Gåsland, Lukas Dominik"]
[Result "1/2-1/2"]
[WhiteElo "2172"]
[BlackElo "1873"]
[PlyCount "195"]
[EventDate "2023.??.??"]

{[%evp 0,43,27,-15,19,15,28,-42,-42,-55,-17,-27,-23,-34,-25,-56,-26,-40,7,-4,
27,7,34,-8,21,24,43,5,43,23,113,13,48,90,97,97,72,97,114,-5,50,49,58,23,28,35]
} 1. g3 g6 2. Bg2 Bg7 3. f4 d5 4. Nf3 c5 5. d3 Nf6 6. O-O O-O 7. Qe1 Nc6 8. e4
d4 9. a4 b6 10. Na3 Bb7 11. h3 a6 12. Bd2 e6 13. g4 Re8 14. Qg3 h5 15. f5 hxg4
16. hxg4 exf5 17. gxf5 Nh5 18. Qh2 Ne5 19. fxg6 fxg6 20. Bh3 Bc8 21. Qg2 Bxh3
22. Qxh3 Qd7 23. Qxd7 Nxd7 24. Nc4 Rab8 25. Bg5 b5 26. axb5 axb5 27. Ncd2 Ng3
28. Rfe1 Ra8 29. Kg2 Nh5 30. Nh4 Ne5 31. Ndf3 Kh7 32. Bd2 Bf6 33. Ng5+ Kg8 34.
Nhf3 c4 35. Nxe5 Bxe5 36. Nf3 Bf4 37. Bxf4 Nxf4+ 38. Kg3 Ne2+ 39. Kf2 cxd3 40.
Rxa8 Rxa8 41. cxd3 Nf4 42. Rd1 Ra2 43. Nxd4 Rxb2+ 44. Kf3 g5 45. Rg1 Nxd3 46.
Rxg5+ Kf7 47. Nxb5 Rb3 48. Rf5+ Ke7 49. Ke2 Nf4+ 50. Kd2 Ng6 51. Nc3 Ke6 52.
Kc2 Rb4 53. Ra5 Ne5 54. Ra6+ Kd7 55. Rh6 Rc4 56. Kb3 Rc8 57. Nd5 Rb8+ 58. Kc3
Rc8+ 59. Kd4 Nc6+ 60. Ke3 Rf8 61. Rh5 Kd6 62. Nc3 Rf1 63. Nb5+ Kd7 64. Rh7+ Ke8
65. Nd6+ Kf8 66. Nf5 Ne5 67. Kd4 Nf7 68. Kd5 Rd1+ 69. Nd4 Ng5 70. Rh5 Nxe4 71.
Kxe4 Ke7 72. Rh6 Ra1 73. Rb6 Kf7 74. Nf3 Ra4+ 75. Kf5 Ke7 76. Ne5 Ra5 77. Re6+
Kd8 78. Kf6 Kc7 79. Re7+ Kc8 80. Ke6 Ra6+ 81. Kd5 Ra1 82. Nc4 Kd8 83. Rf7 Rd1+
84. Ke6 Ra1 85. Rd7+ Kc8 86. Nb6+ Kb8 87. Kd6 Rd1+ 88. Nd5 Rc1 89. Re7 Rb1 90.
Rf7 Rc1 91. Nb4 Rd1+ 92. Kc6 Rc1+ 93. Kb6 Kc8 94. Nc6 Rb1+ 95. Kc5 Rb5+ 96. Kd6
Rd5+ 97. Ke6 Rd6+ 98. Kxd6 1/2-1/2

[Event "Bergen Spillfestival Hovedturnering 2023"]
[Site "Bergen Internasjonale Kulturse"]
[Date "2023.08.01"]
[Round "2"]
[White "Flaten, Siver"]
[Black "Mansoor, Afras"]
[Result "0-1"]
[WhiteElo "1386"]
[BlackElo "2159"]
[PlyCount "60"]
[EventDate "2023.??.??"]

{[%evp 0,37,27,18,18,18,26,29,-5,2,-5,10,-61,-57,-18,-1,-23,-26,14,-10,-10,-41,
-9,-33,-45,-25,-31,-31,-31,-40,-58,-59,-63,-87,-96,-96,-98,-107,-92,-219]} 1.
e4 e5 2. Nf3 Nc6 3. Bc4 Nf6 4. d4 exd4 5. O-O Nxe4 6. Re1 d5 7. Bxd5 Qxd5 8.
Nc3 Qh5 9. Nxe4 Be6 10. Bg5 Bd6 11. h3 O-O 12. Nxd4 Qxd1 13. Raxd1 Nxd4 14.
Rxd4 Be5 15. Rb4 b6 16. c3 c5 17. Ra4 Bd7 18. Ra3 Rfe8 19. f4 Bc7 20. Rd1 Bc6
21. Nd6 Re2 22. Nf5 f6 23. Kf1 Rae8 24. Rxa7 Bxg2+ 25. Kg1 Bxh3 26. Nxg7 Rg2+
27. Kh1 Ree2 28. Rxc7 Rh2+ 29. Kg1 Reg2+ 30. Kf1 Rh1# 0-1

[Event "Bergen Spillfestival Hovedturnering 2023"]
[Site "Bergen Internasjonale Kulturse"]
[Date "2023.08.01"]
[Round "2"]
[White "Gjersvik, Aksel Elias"]
[Black "Engelsen, Teodor Tenfjord"]
[Result "0-1"]
[WhiteElo "1395"]
[BlackElo "1977"]
[PlyCount "128"]
[EventDate "2023.??.??"]

{[%evp 0,63,27,18,48,48,55,47,47,30,71,54,61,56,41,41,25,4,-7,-9,-32,-92,-140,
-163,-9,-74,-55,-56,-36,-31,-36,-36,-40,-72,-66,-58,-29,-21,-15,-30,-12,-25,
-21,-31,-33,-39,-33,-33,-18,-18,-34,-29,-33,-29,-36,-36,-40,-51,-6,-40,-50,-53,
-45,-51,-36,-84]} 1. e4 c5 2. Nf3 Nc6 3. d4 cxd4 4. Nxd4 g6 5. Nc3 Bg7 6. Be3
Nf6 7. f3 O-O 8. Qd2 d5 9. O-O-O dxe4 10. Nxe4 Nxe4 11. fxe4 Qc7 12. Be2 Nxd4
13. Bxd4 Bxd4 14. Qxd4 Be6 15. Kb1 Rac8 16. Bd3 Rfd8 17. Qf2 Qc5 18. Qxc5 Rxc5
19. b3 Kg7 20. Kb2 Kf6 21. Rhf1+ Ke5 22. Rf2 Rc7 23. h3 a5 24. a4 h5 25. Rdf1
Rcd7 26. Rd1 Rd4 27. Rdd2 f6 28. Rfe2 Bd7 29. Rf2 Bc6 30. Rde2 R8d7 31. g4 hxg4
32. hxg4 Bxe4 33. Rf1 f5 34. Rfe1 e6 35. Kc3 Rc7+ 36. Kb2 Rcd7 37. Kc3 b6 38.
Kb2 Kf4 39. Bxe4 Rxe4 40. Rf1+ Ke5 41. Rh2 Rxg4 42. Re1+ Re4 43. Rg1 Rg7 44.
Rhg2 g5 45. Rxg5 Rxg5 46. Rxg5 Rg4 47. Rh5 Rg6 48. Kc3 Kd5 49. Rh3 f4 50. Rh5+
e5 51. Kd3 Rg3+ 52. Kd2 Rg6 53. Rf5 Ke4 54. Rh5 Rg2+ 55. Kd1 f3 56. Rh4+ Ke3
57. c3 f2 58. Rh3+ Rg3 59. Rxg3+ Kf4 60. Rg4+ Kxg4 61. Ke2 Kg3 62. Kf1 e4 63.
c4 Kf3 64. c5 e3 0-1

[Event "Bergen Spillfestival Hovedturnering 2023"]
[Site "Bergen Internasjonale Kulturse"]
[Date "2023.08.01"]
[Round "2"]
[White "Straus, Aksel Bjøntegaard"]
[Black "Rynning, Rune Kleiven"]
[Result "0-1"]
[WhiteElo "1402"]
[BlackElo "1718"]
[PlyCount "92"]
[EventDate "2023.??.??"]

{[%evp 0,53,27,27,27,13,26,28,28,25,20,5,13,16,2,1,24,34,40,-3,-5,-4,6,-24,-23,
-14,-28,-26,-1,-9,-9,-36,-7,-1,2,12,15,26,26,-12,42,50,25,18,16,47,143,119,147,
172,155,-29991,-402,-406,810,-294]} 1. d4 d5 2. Bf4 Nf6 3. e3 e6 4. Bd3 Bd6 5.
Bg3 O-O 6. Nd2 c5 7. c3 Qc7 8. Ngf3 Nbd7 9. O-O Bxg3 10. hxg3 e5 11. dxe5 Nxe5
12. Nxe5 Qxe5 13. Nf3 Qe7 14. Qc2 Bg4 15. Nd2 c4 16. Bf5 Qe5 17. Bxg4 Nxg4 18.
Nf3 Qh5 19. Rfd1 Rfd8 20. Rd4 Rd6 21. Rad1 Rad8 22. e4 Qg6 23. Qd2 Qh5 24. Rxd5
Rxd5 25. Qd3 Rd4 26. Qxd4 Rd6 27. Qd5 Rxd5 28. Rxd5 f5 29. exf5 Qh6 30. Rd1 Qb6
31. Rd4 Nf6 32. Ne5 Qa5 33. Nxc4 Qxa2 34. g4 Qb1+ 35. Kh2 h5 36. gxh5 Qxf5 37.
Ne3 Qxf2 38. Rd8+ Kh7 39. Nd1 Qh4+ 40. Kg1 Ng4 41. Re8 Qh2+ 42. Kf1 Qh1+ 43.
Ke2 Qxg2+ 44. Ke1 Nh2 45. Rf8 Nf3+ 46. Rxf3 Qxf3 0-1

[Event "Bergen Spillfestival Hovedturnering 2023"]
[Site "Bergen Internasjonale Kulturse"]
[Date "2023.08.01"]
[Round "2"]
[White "Bjarnason, Snorri Vikanes"]
[Black "Krbacevic, Mateja"]
[Result "1-0"]
[WhiteElo "1657"]
[BlackElo "1476"]
[PlyCount "131"]
[EventDate "2023.??.??"]

{[%evp 0,43,20,-23,-16,-49,-1,11,20,-40,-1,1,33,18,30,33,44,56,65,76,114,105,
132,131,144,87,104,112,134,159,128,138,153,104,110,131,25,86,27,-7,-7,33,36,34,
34,15]} 1. c4 e5 2. g3 Be7 3. Nc3 f5 4. e4 Nf6 5. exf5 d6 6. g4 Nc6 7. Bg2 Nd4
8. Nge2 O-O 9. h3 Nxe2 10. Qxe2 c6 11. O-O g6 12. g5 Nh5 13. f6 Nf4 14. Qe3
Bxf6 15. gxf6 Qxf6 16. Kh2 Qh4 17. Qg3 Qh5 18. d4 Nxh3 19. f3 exd4 20. Bxh3
dxc3 21. bxc3 Bxh3 22. Qxh3 Qe5+ 23. Kg2 Rae8 24. Bd2 Qe2+ 25. Rf2 Qxc4 26. Rh1
Rf7 27. Qg4 Qxg4+ 28. fxg4 Rxf2+ 29. Kxf2 Re4 30. g5 d5 31. Rb1 b5 32. Be3 Ra4
33. Rb2 Kf7 34. Re2 Rc4 35. Bd2 a5 36. Kg3 Ra4 37. Be3 b4 38. cxb4 Rxb4 39. Rc2
Ra4 40. Rxc6 Rxa2 41. Rd6 a4 42. Rxd5 Ke6 43. Ra5 Ra1 44. Bd4 Ra2 45. Kf4 Kd6
46. Ke4 Ke6 47. Ra6+ Kf7 48. Ra7+ Ke8 49. Rxh7 Rg2 50. Bf6 a3 51. Ra7 a2 52.
Kd5 Rc2 53. Ke6 Rc6+ 54. Kd5 Rc2 55. Be5 Rg2 56. Ke6 Rd2 57. Ra8+ Rd8 58. Rxa2
Rc8 59. Rh2 Rc6+ 60. Bd6 Rxd6+ 61. Kxd6 Kf7 62. Rh7+ Kg8 63. Rb7 Kf8 64. Ke6
Kg8 65. Kf6 Kf8 66. Rb8# 1-0

[Event "Bergen Spillfestival Hovedturnering 2023"]
[Site "Bergen Internasjonale Kulturse"]
[Date "2023.08.01"]
[Round "2"]
[White "Sivertsen, Jarle"]
[Black "Seymour, Max Bakke"]
[Result "1-0"]
[WhiteElo "1589"]
[BlackElo "1611"]
[PlyCount "51"]
[EventDate "2023.??.??"]

{[%evp 0,51,20,20,20,5,24,25,43,16,44,1,29,26,30,23,49,57,57,21,24,4,30,15,25,
25,25,19,-44,-61,-45,-45,-49,-55,-64,-72,-81,-73,-86,-134,-36,-51,-53,-74,-16,
-7,43,50,58,60,41,67,29997,29998]} 1. d4 d5 2. c4 c6 3. Nc3 Nf6 4. Nf3 e6 5.
Bg5 Nbd7 6. e3 Qa5 7. Nd2 dxc4 8. Bxf6 Nxf6 9. Bxc4 Be7 10. O-O O-O 11. Qc2 Rd8
12. a3 Qc7 13. f4 c5 14. Nb5 Qb8 15. Nf3 a6 16. Nc3 b5 17. Be2 Bb7 18. Rfd1 Qa7
19. b4 cxd4 20. Nxd4 Rac8 21. Rac1 Nd5 22. Nxd5 Rxc2 23. Nxe7+ Kf8 24. Rxc2
Kxe7 25. Rc7+ Kf8 26. Nxe6+ 1-0

[Event "Bergen Spillfestival Hovedturnering 2023"]
[Site "Bergen Internasjonale Kulturse"]
[Date "2023.08.01"]
[Round "2"]
[White "Bjørkly, Sara Marie Skaug"]
[Black "Texe, Eirik"]
[Result "0-1"]
[WhiteElo "1470"]
[BlackElo "1573"]
[PlyCount "126"]
[EventDate "2023.??.??"]

{[%evp 0,111,27,18,48,48,99,53,53,53,45,38,42,20,6,8,0,-2,-8,-10,22,-10,34,15,
96,87,7,11,26,-5,29,9,1,1,54,50,45,29,22,4,0,-3,-14,-10,-12,-9,-15,-33,-39,-37,
-47,-53,-49,-61,-55,-97,-76,-212,-221,-224,-231,-299,-211,-223,-220,-266,-285,
-346,-354,-371,-379,-382,-382,-407,-427,-434,-446,-439,-465,-468,-468,-509,
-426,-531,-568,-585,-613,-658,-677,-792,-677,-742,-780,-844,-778,-811,-639,
-638,-714,-762,-709,-746,-775,-807,-796,-868,-912,-991,-1029,-1259,-1029,-1022,
-1279,-1289]} 1. e4 c5 2. Nc3 d6 3. f4 Nc6 4. Nf3 g6 5. Bc4 Bg7 6. O-O e6 7. d3
Nge7 8. Qe1 O-O 9. f5 Nd4 10. Qh4 Nec6 11. Bg5 f6 12. fxg6 hxg6 13. Bh6 Qe7 14.
Bxg7 Kxg7 15. Rf2 Nxf3+ 16. Rxf3 Ne5 17. Rh3 Kf7 18. Qh7+ Ke8 19. Bb5+ Bd7 20.
Qxe7+ Kxe7 21. Bxd7 Kxd7 22. Rf1 Rf7 23. Nd1 Raf8 24. Ne3 f5 25. exf5 gxf5 26.
Rh4 d5 27. Rhf4 b5 28. g4 d4 29. Ng2 Nxg4 30. b4 Kd6 31. bxc5+ Kxc5 32. Nh4 Rg7
33. Nxf5 exf5 34. Rxf5+ Rxf5 35. Rxf5+ Kb4 36. a3+ Ka4 37. Rc5 Ne3+ 38. Kf2
Rg2+ 39. Kf3 Rxh2 40. c3 Nc2 41. cxd4 Nxd4+ 42. Kg3 Rd2 43. Rc7 Rxd3+ 44. Kf2
Rf3+ 45. Kg2 a5 46. Rd7 Rf4 47. Kg3 Re4 48. Ra7 Nc2 49. Kf3 Re6 50. Rd7 Nxa3
51. Rd4+ Nc4 52. Rh4 Kb4 53. Rh1 a4 54. Rb1+ Ka5 55. Kf4 a3 56. Kf5 Re2 57. Kf4
a2 58. Ra1 Kb4 59. Kf3 Re3+ 60. Kf2 Kb3 61. Rd1 Kb2 62. Rd2+ Nxd2 63. Kxe3 Nc4+
0-1

[Event "Bergen Spillfestival Hovedturnering 2023"]
[Site "Bergen Internasjonale Kulturse"]
[Date "2023.08.01"]
[Round "3"]
[White "Urkedal, Frode Olav Olsen"]
[Black "Texe, Eirik"]
[Result "1-0"]
[WhiteElo "2529"]
[BlackElo "1573"]
[PlyCount "57"]
[EventDate "2023.??.??"]

{[%evp 0,57,28,28,32,13,13,13,13,13,17,12,3,16,60,43,85,82,81,50,49,27,31,23,
21,21,30,9,44,23,38,44,49,49,116,89,271,275,292,223,217,208,282,282,230,280,
261,266,399,375,385,385,391,419,466,436,587,540,765,758]} 1. d4 Nf6 2. c4 e6 3.
Nf3 d5 4. Nc3 Be7 5. Bf4 O-O 6. e3 c5 7. dxc5 dxc4 8. Bxc4 Bxc5 9. Qe2 a6 10.
O-O b5 11. Bd3 Bb7 12. Rfd1 Nbd7 13. Ne5 Qe7 14. Nxd7 Nxd7 15. a4 e5 16. Bg3 f5
17. axb5 Nb6 18. bxa6 Bc8 19. Nd5 Nxd5 20. Bc4 Kh8 21. Rxd5 f4 22. exf4 exf4
23. Re5 Qf6 24. Rxc5 fxg3 25. hxg3 Bg4 26. Qd2 Rad8 27. Rd5 Rb8 28. Rd4 Bh5 29.
a7 1-0

[Event "Bergen Spillfestival Hovedturnering 2023"]
[Site "Bergen Internasjonale Kulturse"]
[Date "2023.08.01"]
[Round "3"]
[White "Mansoor, Afras"]
[Black "Martinsen, Stig K"]
[Result "1-0"]
[WhiteElo "2159"]
[BlackElo "2172"]
[PlyCount "97"]
[EventDate "2023.??.??"]

{[%evp 0,71,28,20,75,56,76,35,76,68,77,66,59,59,55,59,63,39,49,39,55,45,58,62,
57,50,56,48,73,75,54,60,63,60,83,67,45,45,45,-9,32,-36,66,11,19,6,3,-14,10,-19,
-28,-37,-18,-72,-1,-52,8,0,55,28,37,42,127,59,121,109,78,161,179,112,112,129,
121,109]} 1. d4 d6 2. Nf3 g6 3. c4 f5 4. g3 Nf6 5. Bg2 Bg7 6. O-O O-O 7. Nc3
Na6 8. b3 c6 9. Bb2 Qa5 10. a3 e5 11. b4 Qc7 12. dxe5 dxe5 13. e4 fxe4 14. Ng5
e3 15. fxe3 Bg4 16. Qb3 Qe7 17. c5+ Kh8 18. h3 Bd7 19. h4 Nc7 20. Rad1 Bg4 21.
Rd6 h6 22. Nge4 Be6 23. Qc2 Nfd5 24. Nxd5 Rxf1+ 25. Kxf1 cxd5 26. Nc3 Rf8+ 27.
Kg1 Qf7 28. a4 Ne8 29. Rd8 d4 30. exd4 exd4 31. Ne4 Bb3 32. Qd2 Bxa4 33. Bxd4
Kh7 34. Bxg7 Qxg7 35. Nc3 Bc6 36. b5 Bxg2 37. Kxg2 Qf6 38. Rd7+ Kg8 39. Qd5+
Kh8 40. Qd4 Qxd4 41. Rxd4 Nf6 42. Ne4 Nxe4 43. Rxe4 Rc8 44. Re7 a5 45. c6 bxc6
46. b6 a4 47. b7 Rg8 48. Rc7 a3 49. Rc8 1-0

[Event "Bergen Spillfestival Hovedturnering 2023"]
[Site "Bergen Internasjonale Kulturse"]
[Date "2023.08.01"]
[Round "3"]
[White "Engelsen, Teodor Tenfjord"]
[Black "Sivertsen, Jarle"]
[Result "1/2-1/2"]
[WhiteElo "1977"]
[BlackElo "1589"]
[PlyCount "70"]
[EventDate "2023.??.??"]

{[%evp 0,70,28,-16,25,26,26,23,23,46,26,38,31,28,30,11,12,15,15,12,37,29,38,40,
44,36,47,37,36,40,123,68,78,29,74,40,40,37,101,76,106,104,148,99,117,128,101,
70,89,91,86,47,82,56,93,60,118,64,73,83,81,51,93,95,94,94,83,43,94,73,92,73,80]
} 1. c4 c6 2. d4 d5 3. cxd5 cxd5 4. Bf4 Nf6 5. Nc3 e6 6. e3 Bd6 7. Bxd6 Qxd6 8.
Bd3 O-O 9. Rc1 Qb4 10. Qe2 Nc6 11. f4 Ne4 12. Nf3 Bd7 13. O-O Nxc3 14. Rxc3 f6
15. Qc2 h6 16. Rc5 Rab8 17. a3 Qb6 18. b4 Nd8 19. Rc1 Nf7 20. Nh4 f5 21. Ng6
Rfe8 22. g4 fxg4 23. Nh4 Qd8 24. Ng6 Qf6 25. Rc7 Red8 26. b5 Nd6 27. a4 Nf5 28.
Bxf5 exf5 29. Ne5 Be8 30. Qa2 h5 31. R1c5 Qd6 32. Qc2 Qe6 33. Qf2 Qf6 34. Qa2
Qd6 35. Qc2 Qe6 1/2-1/2